| 000 | 00507nam a22001937a 4500 | ||
|---|---|---|---|
| 003 | CEME | ||
| 005 | 20210628204001.0 | ||
| 008 | 210105b xxu||||| |||| 00| 0 eng d | ||
| 020 | _a9781847879066 | ||
| 040 | _c. | ||
| 082 | _a300.285555 FIE | ||
| 100 |
_aField, Andy _968139 |
||
| 245 | _aDiscovering statistics using spss | ||
| 250 | _a3RD | ||
| 260 |
_aINDIA _bSAGE _c2009 |
||
| 300 | _aXXXIII, 821P | ||
| 650 |
_aSTATISTICS USING SPSS.DISCOVERING STATISTICS USING SPSS. _968140 |
||
| 942 |
_cBK _2ddc |
||
| 999 |
_c575774 _d575774 |
||